00169nam a2200073Ia 4500008004100000100001000041245003600051260000800087120527s9999 xx 000 0 und d aN.U.C aManual on University management bFRN